Statistics for Oregon Cities

Click here to take the quiz!

General Stats

  • This quiz has been taken 2,123 times
  • The average score is 183 of 257

Answer Stats

CountyAnswer% Correct
Clackamas | Multnomah | WashingtonPortland
98%
Marion | PolkSalem
94%
DeschutesBend
92%
ClatsopAstoria
91%
LaneEugene
91%
TillamookTillamook
90%
WashingtonBeaverton
88%
MultnomahGresham
87%
LincolnLincoln City
87%
BentonCorvallis
86%
CoosCoos Bay
85%
WashingtonHillsboro
85%
ClackamasOregon City
85%
WashingtonTigard
85%
MarionKeizer
84%
KlamathKlamath Falls
84%
JacksonMedford
84%
ClatsopSeaside
84%
BakerBaker City
83%
JosephineGrants Pass
83%
Hood RiverHood River
83%
Clackamas | Multnomah | WashingtonLake Oswego
83%
LincolnNewport
83%
JacksonAshland
82%
YamhillMcMinnville
82%
DeschutesRedmond
82%
LaneSpringfield
82%
Clackamas | WashingtonTualatin
82%
Benton | LinnAlbany
81%
UmatillaPendleton
81%
DouglasRoseburg
81%
WascoThe Dalles
80%
ClackamasWest Linn
80%
Clackamas | WashingtonWilsonville
80%
LaneFlorence
79%
PolkDallas
78%
JeffersonMadras
78%
YamhillNewberg
78%
DeschutesSisters
78%
HarneyBurns
77%
Clackamas | MultnomahMilwaukie
77%
UmatillaUmatilla
77%
ClackamasCanby
76%
WashingtonForest Grove
76%
ClackamasHappy Valley
76%
LinnLebanon
76%
PolkMonmouth
76%
MalheurOntario
76%
CrookPrineville
76%
ClackamasSandy
76%
ColumbiaSt. Helens
76%
MarionWoodburn
76%
ClatsopCannon Beach
75%
UmatillaHermiston
75%
PolkIndependence
75%
DeschutesLa Pine
75%
BentonPhilomath
75%
MultnomahTroutdale
75%
CoosBandon
74%
LaneCottage Grove
74%
GrantJohn Day
74%
WallowaJoseph
74%
WashingtonSherwood
74%
ClatsopWarrenton
74%
CurryBrookings
73%
LincolnDepoe Bay
73%
MarionDetroit
73%
ClackamasEstacada
73%
MarionJefferson
73%
LaneJunction City
73%
LakeLakeview
73%
CoosNorth Bend
73%
ColumbiaScappoose
73%
MarionSilverton
73%
LinnSweet Home
73%
WashingtonBanks
72%
ClackamasMolalla
72%
MarionStayton
72%
MarionAurora
71%
JosephineCave Junction
71%
JacksonCentral Point
71%
LaneCreswell
71%
WallowaEnterprise
71%
TillamookGaribaldi
71%
ClackamasGladstone
71%
CurryGold Beach
71%
UnionLa Grande
71%
TillamookManzanita
71%
ColumbiaRainier
71%
DouglasReedsport
71%
JacksonTalent
71%
LincolnToledo
71%
UnionUnion
71%
LaneVeneta
71%
ColumbiaVernonia
71%
DouglasWinston
71%
LincolnYachats
71%
YamhillYamhill
71%
Hood RiverCascade Locks
70%
ColumbiaClatskanie
70%
CoosCoquille
70%
WashingtonCornelius
70%
WheelerFossil
70%
UmatillaMilton-Freewater
70%
JacksonPhoenix
70%
DouglasSutherlin
70%
WallowaWallowa
70%
ShermanWasco
70%
YamhillAmity
69%
GilliamArlington
69%
KlamathChiloquin
69%
DouglasDrain
69%
ClatsopGearhart
69%
JacksonJacksonville
69%
Linn | MarionMill City
69%
MalheurNyssa
69%
LinnScio
69%
YamhillSheridan
69%
MalheurVale
69%
BentonAdair Village
68%
LinnBrownsville
68%
DouglasCanyonville
68%
LaneCoburg
68%
ColumbiaColumbia City
68%
JeffersonCulver
68%
YamhillDayton
68%
WascoDufur
68%
YamhillDundee
68%
JacksonEagle Point
68%
Washington | YamhillGaston
68%
LinnHarrisburg
68%
MorrowHeppner
68%
HarneyHines
68%
WashingtonKing City
68%
LinnLyons
68%
WascoMaupin
68%
BentonMonroe
68%
DouglasMyrtle Creek
68%
TillamookNehalem
68%
WashingtonNorth Plains
68%
LaneOakridge
68%
CurryPort Orford
68%
MarionSublimity
68%
MarionTurner
68%
LincolnWaldport
68%
TillamookWheeler
68%
DouglasYoncalla
68%
WascoAntelope
67%
MarionAumsville
67%
TillamookBay City
67%
KlamathBonanza
67%
YamhillCarlton
67%
GilliamCondon
67%
DouglasElkton
67%
MarionHubbard
67%
MorrowIrrigon
67%
KlamathMerrill
67%
JeffersonMetolius
67%
WheelerMitchell
67%
WascoMosier
67%
MarionMt. Angel
67%
TillamookRockaway
67%
JacksonRogue River
67%
JacksonShady Cove
67%
BakerSumpter
67%
LinnTangent
67%
UmatillaAthena
66%
MorrowBoardman
66%
GrantCanyon City
66%
MarionDonald
66%
UnionElgin
66%
MultnomahFairview
66%
Linn | MarionGates
66%
MarionGervais
66%
ShermanGrass Valley
66%
Baker | GrantGreenhorn
66%
BakerHaines
66%
BakerHalfway
66%
BakerHuntington
66%
Linn | MarionIdanha
66%
ClackamasJohnson City
66%
MalheurJordan Valley
66%
YamhillLafayette
66%
KlamathMalin
66%
LinnMillersburg
66%
CoosMyrtle Point
66%
DouglasOakland
66%
LakePaisley
66%
BakerRichland
66%
DouglasRiddle
66%
ShermanRufus
66%
WascoShaniko
66%
LincolnSiletz
66%
MarionSt. Paul
66%
BakerUnity
66%
Polk | YamhillWillamina
66%
MultnomahWood Village
66%
MalheurAdrian
65%
ClackamasBarlow
65%
WashingtonDurham
65%
JacksonGold Hill
65%
MorrowIone
65%
CoosLakeside
65%
MultnomahMaywood Park
65%
ShermanMoro
65%
WheelerSpray
65%
LaneWestfir
65%
UmatillaAdams
64%
UmatillaEcho
64%
PolkFalls City
64%
GrantGranite
64%
LinnHalsey
64%
LaneLowell
64%
UnionNorth Powder
64%
GrantPrairie City
64%
ColumbiaPrescott
64%
UmatillaStanfield
64%
UmatillaUkiah
64%
LinnWaterloo
64%
UnionCove
63%
LaneDunes City
63%
DouglasGlendale
63%
UmatillaHelix
63%
UnionIsland City
63%
GrantMonument
63%
GrantMount Vernon
63%
UmatillaPilot Rock
63%
WashingtonRiver Grove
63%
ClackamasRivergrove
63%
GrantSeneca
63%
LinnSodaville
63%
GrantDayville
62%
UnionImbler
62%
MorrowLexington
62%
CoosPowers
62%
MarionScotts Mills
62%
JacksonButte Falls
61%
GilliamLonerock
61%
WallowaLostine
61%
UmatillaWeston
61%
GrantLong Creek
60%
UnionSummerville
59%

Score Distribution

Percentile by Number Answered

Percent of People with Each Score

Your Score History

You have not taken this quiz